「や」から始まる駅 - Statistics

General Stats
  • This quiz has been taken 27 times
  • The average score is 85 of 208
Answer Stats
Hint Answer % Correct
栃木 矢板
87%
広島 矢野
87%
静岡 焼津
83%
京都 八木
83%
山形 山形
83%
山口 | 愛知 山口
83%
大阪 | 岐阜 | 東京 山田
83%
大阪 八尾
78%
大阪 | 愛知 矢田
78%
神奈川 | 茨城 大和
78%
熊本 八代
74%
三重
74%
兵庫 | 宮城 | 東京 山下
74%
奈良 大和高田
74%
奈良 大和八木
74%
佐賀 | 兵庫 山本
74%
秋田 矢島
70%
岡山 柳川
70%
愛知 | 福岡 八幡
70%
鹿児島 山川
70%
京都 | 北海道 | 愛知 山崎
70%
山梨 山梨市
70%
大阪 八尾南
65%
滋賀 野洲
65%
三重 山城
65%
大阪 八戸ノ里
61%
香川 屋島
61%
千葉 谷津
61%
福島 山都
61%
奈良 大和西大寺
61%
神奈川 谷峨
57%
岐阜 | 東京 八坂
57%
新潟 | 高知 安田
57%
秋田 柳田
57%
東京 矢野口
57%
京都 山科
57%
神奈川 山手
57%
奈良 大和朝倉
57%
東京 矢川
52%
神奈川 矢向
52%
埼玉 八潮
52%
山口 柳井
52%
山梨 | 福島 梁川
52%
東京 谷保
52%
岐阜 山岡
52%
大阪 大和川
52%
奈良 大和小泉
52%
広島 矢賀
48%
埼玉 八木崎
48%
長野 八木沢
48%
埼玉 柳生
48%
東京 矢口渡
48%
愛知 八事
48%
島根 安来
48%
千葉 八街
48%
千葉 八千代台
48%
千葉 八千代中央
48%
千葉 八千代緑が丘
48%
鳥取 八橋
48%
兵庫 養父
48%
神奈川 矢部
48%
神奈川 山北
48%
奈良 大和上市
48%
千葉 八幡宿
48%
愛媛 八幡浜
48%
群馬 八木原
43%
宮城 八木山動物公園
43%
群馬 矢倉
43%
愛知 八事日赤
43%
宮城 | 岐阜 柳津
43%
愛知 矢場町
43%
新潟 弥彦
43%
徳島 山瀬
43%
奈良 大和新庄
43%
奈良 大和二見
43%
岡山 矢掛
39%
奈良 八木西口
39%
福岡 薬院
39%
栃木 野州平川
39%
高知 夜須
39%
愛知 弥富
39%
新潟 矢作
39%
千葉 八柱
39%
福島 矢吹
39%
京都 山家
39%
岡山 弥生
39%
兵庫 八家
35%
千葉 矢切
35%
北海道 八雲
35%
香川 八栗
35%
栃木 野州大塚
35%
栃木 野州山辺
35%
長野 屋代
35%
新潟 矢代田
35%
秋田 八津
35%
埼玉 谷塚
35%
山口 柳井港
35%
福島 やながわ希望の森公園前
35%
岩手 | 愛媛 | 長野 柳原
35%
山口 柳瀬
35%
岩手 山岸
35%
岩手 山口団地
35%
京都 山城青谷
35%
京都 山城多賀
35%
三重 山田上口
35%
京都 山田川
35%
大阪 山中渓
35%
宮城 矢本
35%
佐賀 弥生が丘
35%
愛知 八草
30%
宮城 | 秋田 薬師堂
30%
香川 八栗口
30%
広島 安浦
30%
山口 安岡
30%
京都 八瀬比叡山口
30%
長崎 八千代町
30%
神奈川 柳小路
30%
奈良 柳本
30%
埼玉 柳瀬川
30%
山口 矢原
30%
東京 八広
30%
群馬 山名
30%
栃木 山前
30%
神奈川 弥生台
30%
新潟 八色
26%
島根 八川
26%
福岡 薬院大通
26%
岐阜 焼石
26%
東京 谷在家
26%
兵庫 社町
26%
香川 八十場
26%
大分 柳ケ浦
26%
愛知 矢作橋
26%
岩手 矢幅
26%
茨城 山方宿
26%
北海道 山越
26%
山形 山寺
26%
愛媛 山西
26%
京都 | 広島 山ノ内
26%
兵庫 山の街
26%
宮城 八乙女
22%
岩手 八木沢・宮古短大
22%
愛知 柳生橋
22%
千葉 薬園台
22%
香川 八栗新道
22%
長野 屋代高校前
22%
福島 谷田川
22%
北海道 谷地頭
22%
千葉 八積
22%
群馬 藪塚
22%
長野 藪原
22%
佐賀 山谷
22%
岩手 山ノ目
22%
長野 山吹
22%
北海道 山鼻9条
22%
福岡 矢加部
17%
岡山 矢神
17%
茨城 谷河原
17%
愛知 やぐま台
17%
鳥取 八頭高校前
17%
栃木 安塚
17%
長野 八千穂
17%
広島 八次
17%
福井 八ツ島
17%
兵庫 梁瀬
17%
長野 簗場
17%
高知 山田西町
17%
福島 矢祭山
17%
愛知 八幡新田
17%
北海道 山鼻19条
17%
福島 弥五島
13%
高知 八代通
13%
北海道 安国
13%
福岡 安武
13%
広島 安東
13%
福岡 山隈
13%
鳥取 山郷
13%
宮崎 山之口
13%
長崎 山の田
13%
山梨 谷村町
13%
秋田 鑓見内
13%
兵庫 厄神
9%
岩手 矢越
9%
富山 安野屋
9%
熊本 矢岳
9%
青森 矢田前
9%
新潟 藪神
9%
徳島 山河内
9%
北海道 止別
4%
No matching quizzes found
Score Distribution
Percent of People with Each Score
Percentile by Number Answered
Your Score History
You have not taken this quiz